000 00509nam a22001937a 4500
003 MPLRDC
005 20220104124204.0
008 210129b ||||| |||| 00| 0 eng d
020 _a7-5434-1481-3
082 _a874.5 HEM-2
100 _aEUNEST HEMINGWAY
245 _a海明威作品精粹
_c熊钧选编
250 _a一版一刷
260 _a
_b河北教育出版社
_c1994
300 _b
490 _a世界文学博览
650 _a美国特种文艺--海明威
942 _cBK
_o874.5 HEM-2
999 _c17340
_d17330